<?xml version="1.0" encoding="UTF-8"?>
<marc:record xmlns:marc="http://www.loc.gov/MARC21/slim">
   <marc:leader>00000nam a2200000 a 4500</marc:leader>
   <marc:datafield ind1="1" ind2=" " tag="100">
      <marc:subfield code="a">Wecker, Konstantin</marc:subfield>
      <marc:subfield code="4">aut</marc:subfield>
      <marc:subfield code="e">Verfasser/-in</marc:subfield>
   </marc:datafield>
   <marc:datafield ind1="0" ind2="0" tag="245">
      <marc:subfield code="a">Das ganze schrecklich schöne Leben</marc:subfield>
   </marc:datafield>
   <marc:datafield ind1="0" ind2="0" tag="245">
      <marc:subfield code="b">die Biographie</marc:subfield>
   </marc:datafield>
   <marc:datafield ind1="0" ind2="0" tag="245">
      <marc:subfield code="c">Konstantin Wecker mit Günter Bauch und Roland Rottenfußer</marc:subfield>
   </marc:datafield>
   <marc:datafield ind1=" " ind2="1" tag="264">
      <marc:subfield code="a">Gütersloh</marc:subfield>
      <marc:subfield code="b">Gütersloher Verlagshaus Mohn</marc:subfield>
      <marc:subfield code="c">2017</marc:subfield>
   </marc:datafield>
   <marc:datafield ind1="1" ind2=" " tag="520">
      <marc:subfield code="a">»Sei ein Heiliger, ein Sünder. Gib dir alles, werde ganz.«(Konstantin Wecker). Zu Konstantin Weckers 70. Geburtstag am 1. Juni 2017 erscheint seine lang erwartete Autobiographie, die so ungewöhnlich ist wie das Leben und Schaffen des Kraftgenies der großen deutschen Liedermacher. Sein »uferloses« Leben hat dazu beigetragen, dass Konstantin Wecker zu einer öffentlichen Persönlichkeit gereift ist, deren Wort Gewicht hat und in Zeiten von Rechtsruck, Turbokapitalismus und Kriegspolitik absolut notwendig ist.Entstanden ist ein farbiges Puzzle, aus dem sich das Charakterbild eines Ausnahmekünstlers Stück für Stück zusammenfügt. »Sicherlich kein allzu edles Leben«, so Konstantin Wecker selbstkritisch  und doch ein mutiges, von der Muse überreich geküsstes Leben, das unzählige Menschen inspiriert hat. [Verlagsangabe]</marc:subfield>
   </marc:datafield>
   <marc:datafield ind1=" " ind2=" " tag="020">
      <marc:subfield code="a">9783579086446</marc:subfield>
      <marc:subfield code="9">9783579086446</marc:subfield>
   </marc:datafield>
   <marc:datafield ind1=" " ind2=" " tag="041">
      <marc:subfield code="a">ger</marc:subfield>
   </marc:datafield>
   <marc:datafield ind1=" " ind2=" " tag="300">
      <marc:subfield code="a">477 Seiten ,.</marc:subfield>
   </marc:datafield>
</marc:record>
